| 000 | 01542cam a2200397 a 4500 | ||
|---|---|---|---|
| 001 | 14626049 | ||
| 003 | 000 | ||
| 005 | 20170712153606.0 | ||
| 007 | 000 | ||
| 008 | 061106s2007 enka b 001 0 eng | ||
| 010 | _a 2006937964 | ||
| 015 |
_aGBA694855 _2bnb |
||
| 016 | 7 |
_a013596580 _2Uk |
|
| 020 | _a1847200974 (hbk.) | ||
| 020 | _a9781847200976 (hbk.) | ||
| 035 | _a(OCoLC)ocm75714054 | ||
| 040 |
_aUOEL _cUKM _dBAKER _dBWKUK _dYDXCP _dDLC |
||
| 042 | _alccopycat | ||
| 050 | 0 | 0 |
_aHC79.E5 _bH64 2007 |
| 082 | 0 | 4 |
_a338.927 _222 |
| 100 | 1 | _aHoltby, Kareen L. | |
| 245 | 1 | 0 |
_aInternational environmental liability and barriers to trade : _bmarket access and biodiversity in the biosafety protocol / _cKareen L. Holtby, William A. Kerr, Jill E. Hobbs. |
| 260 |
_aCheltenham, UK ; _aNorthampton, MA : _bEdward Elgar, _cc2007. |
||
| 300 |
_axiii, 166 p. : _bill. ; _c24 cm. |
||
| 504 | _aIncludes bibliographical references (p. 151-161) and index. | ||
| 650 | 0 | _aEnvironmental policy. | |
| 650 | 0 |
_aEnvironmental protection _xEconomic aspects. |
|
| 650 | 0 |
_aEnvironmental protection _xInternational cooperation. |
|
| 650 | 0 |
_aInternational trade _xEnvironmental aspects. |
|
| 700 | 1 |
_aKerr, William A. _q(William Alexander) |
|
| 700 | 1 | _aHobbs, Jill E. | |
| 856 | 4 | 1 |
_3Table of contents only _uhttp://www.loc.gov/catdir/toc/fy0711/2006937964.html |
| 906 |
_a7 _bcbc _ccopycat _d2 _eepcn _f20 _gy-gencatlg |
||
| 942 |
_2lcc _cSBK |
||
| 999 |
_c12940 _d12940 |
||